Catálogo
 En Linea

Caverna, costa y meseta : (Registro nro. 18576)

Detalles MARC
000 -CABECERA
campo de control de longitud fija 01005cam a2200265 a 4500
001 - NÚMERO DE CONTROL
campo de control 000019058
005 - FECHA Y HORA DE LA ÚLTIMA TRANSACCIÓN
campo de control 20200929165919.0
008 - DATOS DE LONGITUD FIJA--INFORMACIÓN GENERAL
campo de control de longitud fija 980708r19901945cu b 000 0 spa d
035 ## - NÚMERO DE CONTROL DEL SISTEMA
Número de control de sistema (DLC) 98167902
035 ## - NÚMERO DE CONTROL DEL SISTEMA
Número de control de sistema (OCoLC)26192689
040 ## - FUENTE DE LA CATALOGACIÓN
Centro catalogador/agencia de origen DO-SdBNP
Lengua de catalogación spa
Centro/agencia transcriptor NYP
Centro/agencia modificador SMI
-- PL#
-- DLC
-- BNPHU
082 ## - NÚMERO DE LA CLASIFICACIÓN DECIMAL DEWEY
Número de clasificación 972.91
Número de documento/Ítem P592
100 1# - ENTRADA PRINCIPAL--NOMBRE DE PERSONA
Nombre de persona Pichardo Moya, Felipe,
Fechas asociadas al nombre 1892-1957.
9 (RLIN) 41006
245 10 - MENCIÓN DE TÍTULO
Título Caverna, costa y meseta :
Resto del título interpretaciones de arqueología indocubana /
Mención de responsabilidad, etc. Felipe Pichardo Moya ; edición Ernesto Chávez Álvarez.
260 ## - PUBLICACIÓN, DISTRIBUCIÓN, ETC.
Lugar de publicación, distribución, etc. La Habana :
Nombre del editor, distribuidor, etc. Ciencias Sociales,
Fecha de publicación, distribución, etc. 1990.
300 ## - DESCRIPCIÓN FÍSICA
Extensión xvi, 152 p. ;
Dimensiones 18 cm.
490 1# - MENCIÓN DE SERIE
Mención de serie Arqueología
504 ## - NOTA DE BIBLIOGRAFÍA, ETC.
Nota de bibliografía, etc. Incluye referencias bibliográficas: (p. 147-152).
586 ## - NOTA DE PREMIOS
Nota de premios V centenario del descubrimiento mutuo.
650 #0 - PUNTO DE ACCESO ADICIONAL DE MATERIA--TÉRMINO DE MATERIA
Término de materia o nombre geográfico como elemento de entrada Indians of the west indies
Subdivisión geográfica Cuba
Subdivisión general Antiquities.
9 (RLIN) 41007
651 #0 - PUNTO DE ACCESO ADICIONAL DE MATERIA--NOMBRE GEOGRÁFICO
Nombre geográfico Cuba
Subdivisión general Antiquities.
9 (RLIN) 41008
700 1# - PUNTO DE ACCESO ADICIONAL--NOMBRE DE PERSONA
Nombre de persona Chávez Álvarez, Ernesto,
Término indicativo de función/relación ed.
9 (RLIN) 5573
830 #0 - PUNTO DE ACCESO ADICIONAL DE SERIE-TÍTULO UNIFORME
Título uniforme Arqueología.
9 (RLIN) 41009
910 ## - DATOS DE OPCIÓN DEL USUARIO (OCLC)
Datos de opción del usuario Catalogación derivada / LC
Existencias
Estado de retiro Estado de pérdida Restricciones de uso No para préstamo Código de colección Localización permanente Ubicación/localización actual Ubicación en estantería Fecha de adquisición Número de inventario Total de préstamos Signatura topográfica completa Código de barras Fecha visto por última vez Precio válido a partir de Tipo de ítem Koha
        Monografías: Libros y Folletos General General En catalogación 25.05.2010 LF1   972.91 P592 19058-10 25.06.2020 25.06.2020 Préstamo en sala

Con tecnología Koha